New Zealand Airport Codes - Statistics

General Stats
  • This quiz has been taken 494 times
  • The average score is 11 of 29
Answer Stats
Hint Answer % Correct
Auckland AKL
97%
Christchurch CHC
93%
Wellington WLG
82%
Dunedin DUD
68%
Rotorua ROT
68%
Gisborne GIS
60%
Queenstown ZQN
54%
New Plymouth NPL
52%
Tauranga TRG
48%
Nelson NSN
46%
Napier NPE
44%
Taupo TUO
42%
Whakatane WHK
42%
Invercargill IVC
33%
Kaitaia KAT
30%
Hamilton HLZ
28%
Keri Keri (Bay of Islands) KKE
28%
Blenheim BHE
26%
Palmerston North PMR
25%
Whanganui WAG
23%
Whangarei WRE
23%
Hokitika HKK
22%
Timaru TIU
21%
Chatham Islands CHT
16%
Paraparaumu (Kapiti Coast) PPQ
15%
Westport WSZ
14%
Masterton MRO
12%
Mount Cook MON
10%
Milford Sound MFN
5%
No matching quizzes found
Score Distribution
Percent of People with Each Score
Percentile by Number Answered
Your Score History
You have not taken this quiz